Arcot adni a névnek De Man figurái /

Elmentve itt :
Bibliográfiai részletek
Szerző: Chase Cynthia
További közreműködők: Vástyán Rita
Z. Kovács Zoltán
Dokumentumtípus: Cikk
Megjelent: Pompeji Alapítvány Szeged 1997
Sorozat:Pompeji
Kulcsszavak:Angol irodalom története
Tárgyszavak:
Online Access:http://acta.bibl.u-szeged.hu/9361
LEADER 00760nab a2200229 i 4500
001 acta9361
005 20250516113743.0
008 161015s1997 hu o 000 hun d
022 |a 0865-5553 
040 |a SZTE Egyetemi Kiadványok Repozitórium  |b hun 
041 |a hun 
100 1 |a Chase Cynthia 
245 1 0 |a Arcot adni a névnek   |h [elektronikus dokumentum] :  |b De Man figurái /  |c  Chase Cynthia 
260 |a Pompeji Alapítvány  |b Szeged  |c 1997 
300 |a 108-147 
490 0 |a Pompeji 
650 4 |a Bölcsészettudományok 
650 4 |a Nyelvek és irodalom 
695 |a Angol irodalom története 
700 0 1 |a Vástyán Rita 
700 0 2 |a Z. Kovács Zoltán 
856 4 0 |u http://acta.bibl.u-szeged.hu/9361/1/pompeji_1997_002_003_108-147.pdf  |z Dokumentum-elérés